000 01043nab a2200289 u 4500
001 15605
003 HDC
007 cr bn ---aaaaa
008 210201b20140523my ||||| |||| 00| 0 may d
040 _aHDC
100 _aMuhammad Shalaby Shahbuddin,
_eauthor
_915760
245 0 _aPeminjam TEKUN perli idea boleh jual /
_cMuhammad Shalaby Shahbuddin
260 _aKuala Lumpur :
_bThe New Straits Times Press (M) Bhd.,
_c2014
300 _a1 online resource
336 _atext
_2rdacontent
337 _acomputer
_2rdamedia
338 _aonline resource
_2rdacarrier
610 _aTabung Ekonomi Kumpulan Usahawan Niaga (TEKUN)
_915761
650 _aEntrepreneurship
_9209
650 _aFood
_xReligious aspects
_xIslam
_9239
650 _aSmall business
_9208
710 _aHarian Metro,
_eissung body
856 _zRequest full-text at [email protected]
942 _2lcc
942 _cNEWS
942 _kNWSC 006418
999 _c12921
_d12921